Szczegóły MARC21

Kronika polska /

003 -Nazwa inst., której nr kontr. jest w polu 001 [,]
    • @
    • Nazwa instytucji, której n kontrolny jest w polu 001
    • NUKAT
005 -DATA I CZAS OSTATNIEJ MODYFIKACJI [,]
    • @
    • pole kontrolne
    • 20250703103042.0
020 -Międzynarod. znormalizowany nr książki - ISBN [ , ]
    • a
    • Numer ISBN
    • 830403686X Find
040 -Instytucja sporządzająca opis [ , ]
    • a
    • Instytucja, która sporządziła opis (NP)
    • TOR U/lf
    • c
    • Instytucja, która sporządziła rekord (NP)
    • TOR U/lf
    • d
    • Instytucja, która zmodyfikowała rekord (P)
    • TOR U/LF
    • d
    • Instytucja, która zmodyfikowała rekord (P)
    • KR 295/ADs
    • d
    • Instytucja, która zmodyfikowała rekord (P)
    • WR 194/DAs
041 -Język dokumentu [1, ]
    • a
    • Język tekstu (P)
    • polski
    • h
    • Język tekstu oryginalnego i/lub pośredniego (P)
    • łaciński
942 -Rodzaj dokumentu [ , ]
    • c
    • Rodzaj dokumentu
    • Książka
100 -Hasło główne - nazwa osobowa [0, ]
    • a
    • Nazwa osobowa (NP)
    • Wincenty Kadłubek
    • c
    • Dopowiedzenie inne niż daty biograficzne (P)
    • (błogosławiony ;
    • d
    • Daty biograficzne (NP)
    • 1150-1223).
    • 9
    • KHW
    • 40390
240 -Tytuł ujednolicony [1,0]
    • a
    • Tytuł ujednolicony
    • Chronica Polonorum
    • l
    • Język tekstu
    • (pol.)
    • 9
    • KHW
    • 394973
245 -Strefa tytułu i oznaczenia odpowiedzialności [1,0]
    • a
    • Tytuł
    • Kronika polska / Find
    • c
    • Pozostałe elementy strefy tytułu i oznaczenia odpowiedzialności (NP)
    • Mistrz Wincenty (tzw. Kadłubek) ; przeł. i oprac. Brygida Kürbis ; indeks sporządziła Danuta Zydorek.
260 -Strefa adresu wydawniczego [ , ]
    • a
    • Miejsce wydania (P)
    • Wrocław :
    • b
    • Nazwa wydawcy (P)
    • Zakład Narodowy im. Ossolińskich - Wydaw.,
    • c
    • Data wydania (P)
    • 1992.
300 -Strefa opisu fizycznego [ , ]
    • a
    • Określenie formy książki i/lub objętość (NP)
    • CXXXI, [1], 322 s. :
    • b
    • Oznaczenie ilustracji (NP)
    • 2 faks., 2 fot., 1 portr. ;
    • c
    • Format (NP)
    • 17 cm.
336 -Typ zawartości [ , ]
    • a
    • Termin opisujący typ zawartości
    • Tekst
    • b
    • Kod określający zawartość
    • txt
    • 2
    • Źródło (terminu i kodu)
    • rdacontent
337 -Typ mediów [ , ]
    • a
    • Tryb odtwarzania
    • Bez urządzenia pośredniczącego
    • b
    • Kod typu mediów
    • n
    • 2
    • Źródło (terminu i kodu)
    • rdamedia
338 -Typ/rodzaj nośnika [ , ]
    • a
    • Hasło opisujące typ nośnika
    • Wolumin
    • b
    • Kod typu nośnika
    • nc
    • 2
    • Źródło (terminu i kodu)
    • rdacarrier
490 -Strefa serii i książki wielotomowej - forma nie do wyszukiwania [1, ]
    • a
    • Tytuł (P)
    • Biblioteka Narodowa. Seria 1, Find
    • x
    • ISSN (NP)
    • 0208-4104 ;
    • v
    • Numeracja (P)
    • nr 277
830 -Hasło dodatkowe serii i opisu książki wielotomowej - tytuł ujednolicony/tytuł [ ,0]
    • a
    • Tytuł ujednolicony/tytuł (NP)
    • Biblioteka Narodowa.
    • n
    • Oznaczenie części/podserii/sekcji (P)
    • Seria 1
    • x
    • ISSN
    • 0208-4104
    • v
    • Oznaczenie tomu (NP)
    • nr 277
    • 9
    • KHW
    • 7607
504 -Uwaga dot. bibliogr. załącznikowej [ , ]
    • a
    • Uwaga dot. bibliografii załącznikowej
    • Bibliogr. s. [CXXXII]. Indeks.
080 -Uniwersalna Klasyfikacja Dziesiętna [ , ]
    • 2
    • Identyfikator wydania tablic
    • UDC-P058
    • a
    • Symbol klasyfikacji
    • 821.162.1:821.124]-94
    • b
    • Dopowiedzenie
    • Literatura polsko-łacińska - Kroniki, pamiętniki historyczne.
    • x
    • Poddział wspólny
    • "12"
    • b
    • Dopowiedzenie
    • XIII wiek.
080 -Uniwersalna Klasyfikacja Dziesiętna [ , ]
    • 2
    • Identyfikator wydania tablic
    • UDC-P058
    • a
    • Symbol klasyfikacji
    • 94(438).01
    • b
    • Dopowiedzenie
    • Historia Polski. Pradzieje. Okres wczesnohistoryczny.
    • x
    • Poddział wspólny
    • (093.3)
    • b
    • Dopowiedzenie
    • (Źródła literackie. Kroniki. Pamiętniki).
080 -Uniwersalna Klasyfikacja Dziesiętna [ , ]
    • 2
    • Identyfikator wydania tablic
    • UDC-P058
    • a
    • Symbol klasyfikacji
    • 94(438).02
    • b
    • Dopowiedzenie
    • Historia Polski. Dynastia Piastów i Andegawenów (ok. 960-1386).
    • x
    • Poddział wspólny
    • (093.3)
    • b
    • Dopowiedzenie
    • (Źródła literackie. Kroniki. Pamiętniki).
080 -Uniwersalna Klasyfikacja Dziesiętna [ , ]
    • 2
    • Identyfikator wydania tablic
    • UDC-P058
    • a
    • Symbol klasyfikacji
    • 821.162.1:821.124](091)-94
    • b
    • Dopowiedzenie
    • Literatura polsko-łacińska (historia) - Kroniki, pamiętniki historyczne.
    • x
    • Poddział wspólny
    • "12"
    • b
    • Dopowiedzenie
    • XIII wiek.
600 -Hasło przedmiotowe w formie nazwy osobowej [0,7]
    • a
    • Nazwa osobowa
    • Wincenty Kadłubek
    • c
    • Dopowiedzenie
    • (błogosławiony ;
    • d
    • Daty związane z nazwą
    • 1150-1223).
    • t
    • Tytuł
    • Chronica Polonorum
    • 2
    • Źródło terminu
    • DBN
    • 9
    • KHW
    • 742180
648 -Hasło przedmiotowe - chronologia [ ,7]
    • a
    • Deskryptor chronologiczny
    • 1101-1200
    • 2
    • Źródło terminu
    • DBN
    • 9
    • KHW
    • 722281
650 -Hasło przedmiotowe [ ,7]
    • a
    • Hasło przedmiotowe
    • Źródła historyczne
    • 2
    • Źródło terminu
    • DBN
    • 9
    • KHW
    • 725884
650 -Hasło przedmiotowe [ ,7]
    • a
    • Hasło przedmiotowe
    • Historiografia polska
    • 2
    • Źródło terminu
    • DBN
    • 9
    • KHW
    • 725877
651 -Hasło przedmiotowe w formie nazwy geograficznej [ ,7]
    • a
    • Nazwa geograficzna
    • Polska
    • y
    • Określnik chronologiczny
    • średniowiecze
    • v
    • Określnik formalny
    • dzieła przed 1800.
    • 2
    • Źródło terminu
    • kaba
    • 9
    • KHW
    • 349406
651 -Hasło przedmiotowe w formie nazwy geograficznej [ ,7]
    • a
    • Nazwa geograficzna
    • Polska
    • 2
    • Źródło terminu
    • DBN
    • 9
    • KHW
    • 721438
658 -Ujęcie treści [ , ]
    • a
    • dziedzina nauki i sztuki/ sfera aktywności życiowej
    • Historia
980 -Symbol UKD [ , ]
    • a
    • UKD
    • 821.162.1:821.124]-94"12":94(438).01/.02(093.3)+821.162.1:821.124](091)-94"12"
700 -Hasło dodatkowe - nazwa osobowa [1, ]
    • a
    • Nazwa osobowa (NP)
    • Kürbis, Brygida Find
    • d
    • Daty biograficzne (NP)
    • (1921-2001).
    • e
    • Określenie rodzaju współpracy
    • Oprac.
    • 9
    • KHW
    • 241836
700 -Hasło dodatkowe - nazwa osobowa [1, ]
    • a
    • Nazwa osobowa (NP)
    • Zydorek, Danuta. Find
    • e
    • Określenie rodzaju współpracy
    • Oprac.
    • 9
    • KHW
    • 436054
710 -Hasło dodatkowe - nazwa ciała zbiorowego [2, ]
    • a
    • Nazwa ciała zbiorowego lub nazwa geograficzna jako pierwszy element (NP)
    • Zakład Narodowy im. Ossolińskich.
    • b
    • Nazwa jednostki podrzędnej (P)
    • Wydawnictwo.
    • 4
    • Kod relacji
    • pbl
    • 9
    • KHW
    • 54188
920 -ISBN [ , ]
    • a
    • ISBN
    • 83-04-03686-X Find
Uwagi nie widoczne w OPAC Status udost. Numer inwentarzowy Sygnatura Data inwentaryzacji Lokalizacja
 1Z.82396  BG
retrokonwersja-3P.10382Pol. Literatura staropolska BM
retrokonwersja1H.2971  BNS
retrokonwersja2H.2970  BNS
retrokonwersja-3H.2972  BNS